000 00321nam a2200145Ia 4500
005 20250325023227.0
008 240331s9999 xx 000 0 und d
082 _bRAN
_a894
100 _aRanji
245 0 _aMai
260 _aCoimbatore
_bVidiyal Pathipaggam
_c2007
300 _a127 p .,
650 _aPoems
942 _cL
999 _c4585
_d4585